<?xml version="1.0" encoding="UTF-8"?>
<collection xmlns="http://www.loc.gov/MARC21/slim">
 <record>
  <leader>06038nam a2200433 a 4500</leader>
  <controlfield tag="001">kal3843</controlfield>
  <controlfield tag="003">Gr-AtHEAL</controlfield>
  <controlfield tag="005">20160422134106.0</controlfield>
  <controlfield tag="006">m        d        </controlfield>
  <controlfield tag="008">160413s2015    gr      s           gre|c</controlfield>
  <datafield tag="020" ind1=" " ind2=" ">
   <subfield code="a">9789606031540</subfield>
  </datafield>
  <datafield tag="040" ind1=" " ind2=" ">
   <subfield code="a">GR-AtHEAL</subfield>
   <subfield code="b">gre</subfield>
   <subfield code="c">GR-AtHEAL</subfield>
  </datafield>
  <datafield tag="082" ind1="0" ind2="4">
   <subfield code="a">599.9</subfield>
   <subfield code="2">23</subfield>
  </datafield>
  <datafield tag="100" ind1="1" ind2=" ">
   <subfield code="a">Βαλάκος, Ευστράτιος.</subfield>
   <subfield code="8">890</subfield>
  </datafield>
  <datafield tag="245" ind1="1" ind2="0">
   <subfield code="a">Βιολογική ανθρωπολογία στην πράξη</subfield>
   <subfield code="h">[Ηλεκτρονικός πόρος] </subfield>
   <subfield code="b">Εργαστηριακές ασκήσεις</subfield>
   <subfield code="c">Βαλάκος, Ευστράτιος ; Νικήτα, Ευθυμία ; Παπαβασιλείου, Σεβαστή ; Κριτικός αναγνώστης,Eliopoulos, Constantine ; Τεχνική επιμέλεια,Κοκολάκης, Αντώνιος.</subfield>
  </datafield>
  <datafield tag="260" ind1=" " ind2=" ">
   <subfield code="a">Αθήνα :</subfield>
   <subfield code="b">Σύνδεσμος Ελληνικών Ακαδημαϊκών Βιβλιοθηκών,</subfield>
   <subfield code="c">c2015.</subfield>
  </datafield>
  <datafield tag="490" ind1=" " ind2=" ">
   <subfield code="a">Ακαδημαϊκά Ηλεκτρονικά Συγγράμματα και Βοηθήματα Κάλλιπος</subfield>
   <subfield code="8">40</subfield>
  </datafield>
  <datafield tag="520" ind1=" " ind2=" ">
   <subfield code="a">Ο Εργαστηριακός οδηγός απευθύνεται στους φοιτητές που παρακολουθούν το μάθημα της Φυσικής Ανθρωπολογίας. Το βιβλίο απευθύνεται όχι μόνο στους φοιτητές των Τμημάτων Βιολογίας και Βιοεπιστημών αλλά και σε φοιτητές άλλων κλάδων όπως η Αρχαιολογία. Ο οδηγός χωρίζεται σε τέσσερις ενότητες που η κάθε μία περιλαμβάνει επιμέρους κεφάλαια τα οποία αντιστοιχούν σε επιμέρους ασκήσεις. Στο πρώτο κεφάλαιο (Α Ενότητα) παρουσιάζεται αναλυτικά ο ανθρώπινος σκελετός και οι φοιτητές μαθαίνουν να αναγνωρίζουν τα μέρη του σκελετού, τα επιμέρους οστά με τα ανατομικά τους χαρακτηριστικά, καθώς επίσης και ανατομική τους θέση. Στο δεύτερο κεφάλαιο οι εκπαιδευόμενοι μαθαίνουν να προσδιορίζουν το φύλο χρησιμοποιώντας σκελετικούς χαρακτήρες, ενώ στο επόμενο κεφάλαιο πέραν του προσδιορισμού της ηλικίας των ατόμων με τη χρήση σκελετικών χαρακτηριστικών, οι φοιτητές εξοικειώνονται με την μεθοδολογία της παλαιοδημογραφίας. Το τέταρτο πραγματεύεται τη μελέτη του μυοσκελετικού αναγλύφου ως μέσου συναγωγής συμπερασμάτων για τα επίπεδα δραστηριότητας ατόμων και πληθυσμών ενώ το πέμπτο κεφάλαιο εισάγει τους φοιτητές στις βασικές παθήσεις που μπορούν να αναγνωριστούν στα σκελετικά κατάλοιπα και τα συμπεράσματα που συνάγονται από καθεμία από αυτές σχετικά με τον τρόπο ζωής και τα επίπεδα διαβίωσης κατά το παρελθόν. Τα επόμενα δύο κεφάλαιο (Β Ενότητα) αφορούν τους τρόπους με τους οποίους προσεγγίζεται η ανθρώπινη ποικιλομορφία, είτε σε σκελετούς (6ο), είτε σε άτομα (7ο).Το όγδοο κεφάλαιο (Γ Ενότητα) πραγματεύεται την συστηματική και εξέλιξη των αρτίγονων πρωτευόντων και των απολιθωμένων μορφών των Αυστραλοπιθήκων ενώ το ένατο κεφάλαιο πραγματεύεται τη συστηματική του Homo. Τα 2 επόμενα κεφάλαια αφορούν την εξοικείωση των φοιτητών στη χρήση βάσεων μοριακών δεδομένων και την επεξεργασία τους (10ο) ενώ το τελευταίο κεφάλαιο αφορά την μελέτη των εξελικτικών δυνάμεων με προσομοίωση(11). Η τέταρτη ενότητα περιλαμβάνει παραρτήματα και επιμέρους θέματα επεξεργασίας δεδομένων (στατιστικές δοκιμασίες κ.λ.π.).</subfield>
  </datafield>
  <datafield tag="650" ind1=" " ind2="0">
   <subfield code="a">Physical anthropology</subfield>
   <subfield code="8">2332</subfield>
  </datafield>
  <datafield tag="653" ind1=" " ind2=" ">
   <subfield code="a">Ανάλυση δεδομένων</subfield>
  </datafield>
  <datafield tag="653" ind1=" " ind2=" ">
   <subfield code="a">Εξελικτικές δυνάμεις</subfield>
  </datafield>
  <datafield tag="653" ind1=" " ind2=" ">
   <subfield code="a">Εξέλιξη του ανθρώπου</subfield>
  </datafield>
  <datafield tag="653" ind1=" " ind2=" ">
   <subfield code="a">Φυλογένεση</subfield>
  </datafield>
  <datafield tag="653" ind1=" " ind2=" ">
   <subfield code="a">Συστηματική</subfield>
  </datafield>
  <datafield tag="653" ind1=" " ind2=" ">
   <subfield code="a">Πρωτεύοντα</subfield>
  </datafield>
  <datafield tag="653" ind1=" " ind2=" ">
   <subfield code="a">Ανθρώπινη ποικιλομορφία</subfield>
  </datafield>
  <datafield tag="653" ind1=" " ind2=" ">
   <subfield code="a">Παλαιοδημογραφία</subfield>
  </datafield>
  <datafield tag="653" ind1=" " ind2=" ">
   <subfield code="a">Ηλικία θανάτου</subfield>
  </datafield>
  <datafield tag="653" ind1=" " ind2=" ">
   <subfield code="a">Φύλο</subfield>
  </datafield>
  <datafield tag="653" ind1=" " ind2=" ">
   <subfield code="a">Ανθρώπινος σκελετός</subfield>
  </datafield>
  <datafield tag="653" ind1=" " ind2=" ">
   <subfield code="a">Επιστήμες της ζωής</subfield>
   <subfield code="a">Φυσική ανθρωπολογία</subfield>
  </datafield>
  <datafield tag="700" ind1="1" ind2=" ">
   <subfield code="a">Παπαβασιλείου, Σεβαστή</subfield>
   <subfield code="e">Συγγραφέας</subfield>
   <subfield code="8">891</subfield>
  </datafield>
  <datafield tag="700" ind1="1" ind2=" ">
   <subfield code="a">Νικήτα, Ευθυμία</subfield>
   <subfield code="e">Συγγραφέας</subfield>
   <subfield code="8">892</subfield>
  </datafield>
  <datafield tag="700" ind1="1" ind2=" ">
   <subfield code="a">Eliopoulos, Constantine</subfield>
   <subfield code="e">Κριτικός αναγνώστης</subfield>
   <subfield code="8">893</subfield>
  </datafield>
  <datafield tag="856" ind1="4" ind2="0">
   <subfield code="u">http://hdl.handle.net/11419/3843</subfield>
   <subfield code="z">Πλήρες Κείμενο - Full text</subfield>
  </datafield>
  <datafield tag="907" ind1=" " ind2=" ">
   <subfield code="a">.b25680432</subfield>
   <subfield code="b">12-06-18</subfield>
   <subfield code="c">29-07-16</subfield>
  </datafield>
  <datafield tag="949" ind1=" " ind2=" ">
   <subfield code="0">0</subfield>
   <subfield code="1">0</subfield>
   <subfield code="2">ddc</subfield>
   <subfield code="4">0</subfield>
   <subfield code="6">599_900000000000000_ΒΑΛ</subfield>
   <subfield code="7">0</subfield>
   <subfield code="8">KALL</subfield>
   <subfield code="8">802</subfield>
   <subfield code="d">2016-04-13</subfield>
   <subfield code="r">2016-04-13</subfield>
   <subfield code="w">2016-04-13</subfield>
   <subfield code="z">599.9 ΒΑΛ</subfield>
   <subfield code="o">SEAB KALLIPOS</subfield>
  </datafield>
  <datafield tag="998" ind1=" " ind2=" ">
   <subfield code="a">80</subfield>
   <subfield code="a">01</subfield>
   <subfield code="a">02</subfield>
   <subfield code="a">03</subfield>
   <subfield code="a">04</subfield>
   <subfield code="a">05</subfield>
   <subfield code="a">06</subfield>
   <subfield code="a">07</subfield>
   <subfield code="a">08</subfield>
   <subfield code="a">09</subfield>
   <subfield code="a">10</subfield>
   <subfield code="a">11</subfield>
   <subfield code="a">12</subfield>
   <subfield code="a">13</subfield>
   <subfield code="a">14</subfield>
   <subfield code="a">15</subfield>
   <subfield code="a">16</subfield>
   <subfield code="a">17</subfield>
   <subfield code="a">18</subfield>
   <subfield code="a">19</subfield>
   <subfield code="a">20</subfield>
   <subfield code="a">21</subfield>
   <subfield code="a">22</subfield>
   <subfield code="a">23</subfield>
   <subfield code="a">24</subfield>
   <subfield code="a">25</subfield>
   <subfield code="a">26</subfield>
   <subfield code="b">16-05-17</subfield>
   <subfield code="c">m</subfield>
   <subfield code="d">z  </subfield>
   <subfield code="e">-</subfield>
   <subfield code="f">gre</subfield>
   <subfield code="g">gr </subfield>
   <subfield code="h">0</subfield>
  </datafield>
  <datafield tag="942" ind1=" " ind2=" ">
   <subfield code="2">ddc</subfield>
   <subfield code="c">KALLIPOS</subfield>
  </datafield>
 </record>
</collection>
